Born in Málaga - Statistics

General Stats
  • This quiz has been taken 32 times
    14 since last reset
  • The average score is 4 of 8
Answer Stats
Hint Answer % Correct
Artist and co-founder of the Cubist movement, "Guernica" 1881 Pablo Picasso
100%
Actor, "Shrek" "The Mask of Zorro" "Pain and Glory" 1960 Antonio Banderas
83%
Footballer who plays for Real Madrid and the Moroccan national team 1999 Brahim Díaz
67%
Singer, "Solamente Tú" "Saturno" 1989 Pablo Alborán
67%
Tennis player and French Open quarterfinalist 1999 Alejandro Davidovich Fokina
25%
Actor, "Money Heist" "Élite" 1996 Miguel Herrán
25%
Conquistador and founder of the Mexican city Monterrey 1530 Diego de Montemayor
17%
Basketball player for the Atlanta Hawks and French national team and first overall pick in the 2024 NBA draft 2005 Zaccharie Risacher
17%
No matching quizzes found
Score Distribution
Percent of People with Each Score
Percentile by Number Answered
Your Score History
You have not taken this quiz since the last reset